00712nam a22001937a 4500999001900000005001700019010001500036020003200051035001400083037000900097082000800106100002000114245008800134260004200222270007700264300002200341942002200363952013300385 c184038d18403820220112103225.0 aENG-131064 a978-93-52-83-91-55c1165.00 aEN-114596 bDBAD a530 aVivekanandan, P aISC Physics Book 2:cP. Vivekanandan, Anand V. Karthik, K. Banerjeebfor Class XII/ aNew DelhibS Chand School Booksc2013 bNew DelhiaA-27, 2nd Floor, Mohan Co-operative Industrial Estatee110044 a1462p.c21cm(pbk) 2ddccENh530mVIV 001040708NFICaLbLd2022-01-12eDBAD/PUBg1165.00l4m5o530 VIVpEN-114596r2024-08-13 00:00:00s2024-06-25t1v1165.00yEN